| 000 | 01063nam a2200313 a 4500 | ||
|---|---|---|---|
| 999 |
_c64772 _d64772 |
||
| 001 | 3389499 | ||
| 003 | ARRUPE | ||
| 005 | 20170531122412.0 | ||
| 008 | 880708r19731962enk 000 0 eng d | ||
| 010 | _a 88158866 | ||
| 015 | _aGB83-24732 | ||
| 020 | _a0901787205 | ||
| 035 | _a(OCoLC)16606474 | ||
| 040 |
_aUk _cDLC _dDLC |
||
| 042 | _alccopycat | ||
| 043 | _af------ | ||
| 050 | 0 | 4 |
_aDT29 _b.N57 1973 |
| 082 | 0 | 4 |
_a325.6 _219 |
| 100 | 1 |
_aNkrumah, Kwame, _d1909-1972. _931759 |
|
| 245 | 1 | 0 |
_aTowards colonial freedom : _bAfrica in the struggle against world imperialism / _cby Kwame Nkrumah. |
| 260 |
_aLondon : _bPanaf, _c1973 _g(1979 printing) |
||
| 300 |
_axviii, 45 p. ; _c19 cm. |
||
| 500 | _aOriginally published: 1962. | ||
| 651 | 0 |
_aAfrica _xPolitics and government _yTo 1945. _931760 |
|
| 651 | 0 |
_aAfrica _xPolitics and government _y1945-1960. _931761 |
|
| 906 |
_a7 _bcbc _ccopycat _d3 _encip _f19 _gy-gencatlg |
||
| 942 |
_2lcc _cMONOGRAPH |
||